Statistics for Jovian Moons

Click here to take the quiz!

General Stats

  • This quiz has been taken 9 times
  • The average score is 17 of 57

Answer Stats

GroupAnswer% Correct
GalileanEuropa
100%
GalileanGanymede
100%
GalileanIo
100%
GalileanCallisto
75%
InnerAdrastea
25%
CarmeAitne
25%
InnerAmalthea
25%
AnankeAnanke
25%
PasiphaeAoede
25%
CarmeArche
25%
PasiphaeAutonoe
25%
PasiphaeCallirrhoe
25%
CarmeCarme
25%
CarpoCarpo
25%
CarmeChaldene
25%
PasiphaeCyllene
25%
HimaliaDia
25%
CarmeEirene
25%
HimaliaElara
25%
CarmeErinome
25%
HimaliaErsa
25%
AnankeEuanthe
25%
CarmeEukelade
25%
AnankeEupheme
25%
AnankeEuporie
25%
PasiphaeEurydome
25%
AnankeHarpalyke
25%
PasiphaeHegemone
25%
AnankeHelike
25%
AnankeHermippe
25%
CarmeHerse
25%
HimaliaHimalia
25%
AnankeIocaste
25%
CarmeIsonoe
25%
CarmeKale
25%
CarmeKallichore
25%
CarmeKalyke
25%
PasiphaeKore
25%
HimaliaLeda
25%
HimaliaLysithea
25%
PasiphaeMegaclite
25%
InnerMetis
25%
AnankeMneme
25%
AnankeOrthosie
25%
HimaliaPandia
25%
PasiphaePasiphae
25%
CarmePasithee
25%
PasiphaePhilophrosyne
25%
AnankePraxidike
25%
PasiphaeSinope
25%
PasiphaeSponde
25%
CarmeTaygete
25%
InnerThebe
25%
AnankeThelxinoe
25%
ThemistoThemisto
25%
AnankeThyone
25%
ValetudoValetudo
25%

Score Distribution

Percentile by Number Answered

Percent of People with Each Score

Your Score History

You have not taken this quiz